| 000 | 01251 a2200253 4500 | ||
|---|---|---|---|
| 003 | NUST | ||
| 005 | 20230725110517.0 | ||
| 010 | _a 89012671 | ||
| 020 | _a0070386870 | ||
| 020 | _a0070386889 (solutions manual) | ||
| 040 | _cNust | ||
| 082 | 0 | 0 | _a621.3815,LON |
| 100 | 1 |
_aLong, Stephen I. _9103718 |
|
| 245 | 1 | 0 |
_aGallium arsenide digital integrated circuit design / _cStephen I. Long, Steven E. Butner. |
| 260 |
_aNew York : _bMcGraw-Hill, _cc1990. |
||
| 300 |
_axx, 486 p., [6] p. of plates : _bill. (some col.) ; _c24 cm. |
||
| 440 | 0 |
_aMcGraw-Hill series in electrical engineering. _920188 |
|
| 440 | 0 |
_aMcGraw-Hill series in electrical engineering. _920188 |
|
| 505 | _aFundamentals Of GaAs Devices (Page-11), Models For GaAs Devices And Circuits (Page-79), Logic Circuit Design Principles (Page-140), Logic Circuit Design Examples (Page-195), Interconnections (Page-245), Test Methods For Very-High-Speed Digital ICs (Page-321), Using GaAs In Systems (Page-346), Physical Design (Page-384), Computer-Aided Design Tools And Techniques (Page-414). | ||
| 650 | 0 |
_aDigital integrated circuits _xDesign and construction. |
|
| 650 | 0 | _aTelecommunication engineering | |
| 700 | 1 |
_aButner, Steven E. _9103719 |
|
| 942 |
_2ddc _cBK _k621.3815,LON |
||
| 999 |
_c182182 _d182182 |
||